Pokorný a slobodný. : Môj život. /

Uložené v:
Podrobná bibliografia
Hlavný autor: Haering, Bernhard (Author)
Médium: Kniha
Jazyk:Slovak
German
Vydané: Bratislava : Jaga group, v.o.s., 2000
Vydanie:1. slov. vyd.
Témy:
ISBN: 8088905346 (brož.)
Fyzický popis: 123 s.
Tagy: Pridať tag
Žiadne tagy, Buďte prvý kto otaguje tento záznam!

MARC

LEADER 00000nam a2200000 a 4500
001 000057763
003 SVKK
005 20010213000000.0
008 010116s2000 xo e sloo
020 |a 8088905346 (brož.) 
040 |a SVKKK  |b slo  |c SVKKK  |e AACR2 
041 1 |a slo  |h ger 
044 |a xo  |c SK 
080 |a 929 Häring, B.  |2 1997 
080 |a 262.1  |2 1997 
100 1 |a Haering, Bernhard  |4 aut 
245 1 0 |a Pokorný a slobodný. :  |b Môj život. /  |c Bernhard Haering 
250 |a 1. slov. vyd. 
260 |a Bratislava :  |b Jaga group, v.o.s.,  |c 2000 
300 |a 123 s. 
653 0 |a Häring, Bernhard, 1912-1998  |2 SVKKKPH 
653 0 |a životopisy  |2 SVKKKPH 
655 7 |a príručky  |2 SVKKKPH 
910 |a svkkk 
919 |a 80-88905-34-6 
974 |a UH  |d 20010207 
974 |a MI  |d 20010129 
974 |a MI  |d 20010213 
998 |a BK 
090 |g SCKHL  |k Sklad Pribinova 2. posch.  |a III.187984  |j 937199  |i 2720132520  |s Absenčne